00308nam a2200121Ia 4500008004100000041000800041082000800049100002900057245003800086260003200124300000800156520002200164221007s9999 xx 000 0 und d aeng bMER aMerchant Pooja (2k81100) aEquity Analysis of Telecom Sector c2010bPune UniversityaPune a71p aDhamdhere Suvarna